000
00214 a2200097 4500
001
6612
100
_a
Bassin, M.G
245
_a
Statisc & strength of materials
260
_a
_b
Mc Graw Hill
_c
090
_c
5466
_d
5466
942
_a
NUST-CAE
_c
M
_c
31896
999
_c
241685
_d
241685